| 000 | 00878cam a22002535a 4500 | ||
|---|---|---|---|
| 005 | 20151202145858.0 | ||
| 008 | 150831t2009 nyua frb 001 0 eng d | ||
| 020 | _a9781259252624 | ||
| 020 | _a1259252620 | ||
| 040 |
_aEG-ScBUE _beng _dEG-ScBUE |
||
| 082 | 0 | 4 |
_222 _a620.00151 _bMUS |
| 100 | 1 |
_aMusto, Joseph C. _936402 |
|
| 245 | 1 | 0 |
_aEngineering computations : _ban introduction using MATLAB and Excel / _cJoseph C. Musto, William E. Howard, Richard R. Williams. |
| 260 |
_aNew York : _bMcGraw-Hill Higher Education, _cc.2009. |
||
| 300 |
_aiv, 330 p. : _bill. ; _c24 cm. |
||
| 500 | _aIndex : p. 327-330. | ||
| 504 | _aIncludes bibliographical references. | ||
| 650 | 7 |
_2BUEsh _912965 _aEngineering mathematics. |
|
| 651 | _2BUEsh | ||
| 653 |
_bENGCHE _cAugust2015 _cDecember2015 |
||
| 700 | 1 |
_aHoward, William E. _936400 |
|
| 700 | 1 | _aWilliams, Richard R. | |
| 942 | _2ddc | ||
| 999 |
_c20755 _d20727 |
||